Islamic history (Record no. 394779)

MARC details
000 -LEADER
fixed length control field 00516 a2200217 4500
005 - DATE & TIME
control field 20260212114303.0
008 - FIXED-LENGTH DATA ELEMENTS--GENERAL INFORMATION
fixed length control field 260211b |||||||| |||| 00| 0 eng d
020 ## - ISBN
International Standard Book Number 9780199545728
Price Rs. 350.00
040 ## - CATALOGING SOURCE
Original cataloging agency VIVEKANANDA LIBRARY
082 ## - DDC NUMBER
Classification number 297.09
Book Number S39I
100 ## - MAIN ENTRY--PERSONAL NAME
Personal name Silverstein, Adam J
110 ## - MAIN ENTRY--CORPORATE NAME
Corporate name
245 ## - TITLE STATEMENT
Title Islamic history
250 ## - EDITION STATEMENT
Edition statement
260 ## - PUBLICATION, DISTRIBUTION, ETC. (IMPRINT)
Name of publisher, distributor, etc Oxford University Press
Date of publication, distribution, etc 2010
Place of publication, distribution, etc New York
300 ## - PHYSICAL DESCRIPTION
Pages xviii, 157
650 ## - Subject
Subject Religion
650 ## - Subject
Subject Islam
650 ## - Subject
Subject Islamic History
942 ## - ADDED ENTRY ELEMENTS (KOHA)
Koha item type Books
Holdings
Withdrawn status Lost status Source of classification or shelving scheme Damaged status Not for loan Location (home branch) Sublocation or collection (holding branch) Shelving location Date acquired Koha issues (times borrowed) Koha full call number Accession No. Koha date last seen Koha item type
    Dewey Decimal Classification     VIVEKANANDA LIBRARY VIVEKANANDA LIBRARY Vivekananda Library 22/01/2026   297.09 S39I 444400 22/01/2026 Books
© Designed and Maintained by Vivekananda Library, MDU Rohtak